Sports Quiz

Random Sports or MLB Quiz

MLB Teams Quiz Stats

 Plays Quiz Updated Feb 20, 2018

Score 0/30 Timer 05:00
608 Plays Today
Division Team Name % Correct
AL EastNew York Yankees
96.3%
AL EastBoston Red Sox
95.6%
NL CentralCincinnati Reds
93.6%
AL CentralChicago White Sox
93.4%
NL EastNew York Mets
90%
AL WestOakland Athletics
89.4%
NL CentralChicago Cubs
88.1%
NL WestLos Angeles Dodgers
86.9%
AL WestLos Angeles Angels
86.5%
AL EastTampa Bay Rays
86%
NL EastMiami Marlins
85.9%
NL WestSan Francisco Giants
85.8%
AL EastToronto Blue Jays
84.5%
NL CentralSt. Louis Cardinals
84.5%
AL WestSeattle Mariners
83.6%
Division Team Name % Correct
AL WestTexas Rangers
83.3%
AL EastBaltimore Orioles
82.8%
NL EastPhiladelphia Phillies
82.7%
AL WestHouston Astros
82.1%
NL EastAtlanta Braves
81.9%
NL WestArizona Diamondbacks
81%
NL EastWashington Nationals
80.7%
AL CentralDetroit Tigers
79.8%
AL CentralCleveland Indians
79.1%
NL CentralPittsburgh Pirates
79%
AL CentralMinnesota Twins
78.9%
NL WestColorado Rockies
77.9%
NL WestSan Diego Padres
77.6%
NL CentralMilwaukee Brewers
76.6%
AL CentralKansas City Royals
76.3%

You're not logged in!

Compare scores with friends on all Sporcle quizzes.
OR
Log In

Sporcle TV

Today on Sporcle TV


Watch our educational content, quiz creation guides, and fun videos on Sporcle TV.

Show Comments

Extras

Top Quizzes Today


Score Distribution

Your Account Isn't Verified!

In order to create a playlist on Sporcle, you need to verify the email address you used during registration. Go to your Sporcle Settings to finish the process.

Report this User

Report this user for behavior that violates our Community Guidelines.

Details: